التربية الاسلامية في سورة الانفال

Bibliographic Details
Main Author: محمود، علي عبد الحليم (Author)
Format: Book
Published: Qahirah : Dar al-Tawzi wa al-Nashr al-Islamiyyah , 1996
Series:سلسلة التربية فى القرآن الكريم 5
Subjects:

MARC

LEADER 00000cam a2200000 7i4500
001 0000042002
005 20220119093000.0
020 |a 9771927655 
090 0 0 |a LC903   |b .M3354 1996 
100 1 |a محمود، علي عبد الحليم ,   |e author 
241 1 0 |a Tarbiyah al-Islamiyah fi Surat al-anfal 
245 1 2 |a التربية الاسلامية في سورة الانفال   |c علي عبد الحليم محمود 
260 2 |a Qahirah :   |b Dar al-Tawzi wa al-Nashr al-Islamiyyah ,   |c 1996 
300 |a 287 p. ;   |c 24 cm. 
440 0 |a سلسلة التربية فى القرآن الكريم   |v 5 
630 0 0 |a Qur'an   |x Surat al-Anfal   |x Criticism, interpretation, etc. 
650 0 |a Education   |x Religious aspects   |x Islam 
999 |a 1000070291   |b Book   |c OPEN SHELF (30 DAYS)   |e Gong Badak Campus 
999 |a 1000100772   |b Book   |c OPEN SHELF (30 DAYS)   |e Gong Badak Campus 
999 |a 1000100773   |b Book   |c OPEN SHELF (30 DAYS)   |e Gong Badak Campus